Sentido Común - Lenny Tavárez - Estadísticas

Estadísticas generales
  • Esta prueba ha sido intentada 26 veces
  • La puntuación promedio es 8 de 381
Estadísticas de respuestas
Letra % Correcto
a
100%
Y
50%
acumular
0%
adivino
0%
amor
0%
añejaíto
0%
aquí
0%
Así
0%
baby
0%
besos
0%
bien
0%
buscando
0%
cine
0%
como
0%
cómo
0%
común
0%
con
0%
conmueve
0%
contigo
0%
Contigo
0%
convertiría
0%
conviene
0%
corazón
0%
Cruzamos
0%
de
0%
deben
0%
delicioso
0%
Desde
0%
destino
0%
Dios
0%
el
0%
en
0%
entretiene
0%
era
0%
eres
0%
Eres
0%
es
0%
Ese
0%
Espero
0%
está
0%
estoy
0%
estrella
0%
familia
0%
father
0%
Fórmula
0%
fuera
0%
genes
0%
gustas
0%
guste
0%
gusto
0%
hacerte
0%
Hamilton
0%
Hay
0%
la
0%
llene
0%
lo
0%
los
0%
Luna
0%
matrícula
0%
me
0%
menos
0%
mi
0%
0%
mía
0%
misma
0%
mueves
0%
nada
0%
ni
0%
Ni
0%
no
0%
Nos
0%
nosotros
0%
pa'
0%
pa
0%
palabras
0%
par
0%
pasaría
0%
pedacitos
0%
pego
0%
película
0%
pensamientos
0%
pensando
0%
pensé
0%
pero
0%
¿Pero
0%
Pero
0%
piensa
0%
piénsalo
0%
piloto
0%
poquito
0%
¿Por
0%
por
0%
Porque
0%
que
0%
qué
0%
Qué
0%
Que
0%
quiero
0%
Quiero
0%
rehenes
0%
rostro
0%
rotos
0%
sabes
0%
0%
se
0%
sentido
0%
sentidos?
0%
sentimientos
0%
será
0%
si
0%
Si
0%
siento
0%
sin
0%
te
0%
Te
0%
tenga
0%
tengo
0%
ti?
0%
tienes
0%
to'
0%
toda
0%
Todos
0%
0%
tu
0%
tus
0%
un
0%
una
0%
vamos
0%
vi
0%
vino
0%
Ya
0%
yo
0%
Yo
0%
No se encontraron pruebas coincidentes
Distribución de puntuación
Porcentaje de gente con cada puntuación
Porcentaje por número respondido
Historial de tus puntuaciones
No has intentado esta prueba.